000 00999nam a2200253 a 4500
001 000030159
003 DO-SdBNP
005 20240425132702.0
008 110503s1998 dr r 000 0 spa d
020 _a8492362006
040 _aDO-SdBNP
_bspa
_cBNPHU
082 4 _a332.1
_bA696b
_222
100 1 _aArias, José Adalberto,
_d1951-
_943084
245 1 0 _aBanca especializada Vs. Banca Multiple /
_cJosé Adalberto Arias.
260 _aSanto Domingo :
_bAmigo del Hogar,
_c1998.
300 _a245 p. ;
_c24 cm.
500 _aIncluye referencias bibliográficas y notas al pie de páginas
504 _aBibliografía : p. 243-245
505 _aNociones preliminares 19 -- La banca especializada (marco operacional y descriptivo) 27 -- Banca múltiple o banca universal 85 -- Banca especializada vs banca múltiple (análisis complementario y perspectivas) 215
590 _aInventariado, 2022/MFF
650 0 _aBancos
_97047
910 _aValidado. Control de calidad MFF
942 _2ddc
_cLBS1
999 _c29651
_d29651